| 000 | 00983cam a2200277 a 4500 | ||
|---|---|---|---|
| 001 | 1294 | ||
| 005 | 20230811114934.0 | ||
| 008 | 040915r20051953nyu c 000 1 eng | ||
| 020 | _a9780261667969 | ||
| 040 |
_aDLC _cDLC _dDLC _beng |
||
| 050 | 0 | 0 |
_aPZ7.L58474 _bSi 2005 |
| 082 | 0 | 0 |
_a[Fic] _222 |
| 100 | 1 |
_aLewis, C. S. _q(Clive Staples), _d1898-1963. |
|
| 245 | 1 | 4 |
_aThe silver chair / _cC.S. Lewis. |
| 250 | _aThis edition published 1996 by Diamond Books | ||
| 260 |
_aNew York : _bHarperCollins, _c1953. |
||
| 300 |
_a191 pages : _c18 cm |
||
| 490 | 1 |
_aThe chronicles of Narnia ; _vBook 6 |
|
| 505 | _aO | ||
| 520 | _aTwo English children undergo hair-raising adventures as they go on a search and rescue mission for the missing Prince Rilian, who is held captive in the underground kingdom of the Emerald Witch. | ||
| 521 |
_a840
_bLexile |
||
| 521 |
_aO
_bRaz-Plus |
||
| 650 | 1 | _aFantasy. | |
| 906 |
_a7 _bcbc _corignew _d2 _eepcn _f20 _gy-gencatlg |
||
| 942 |
_2ddc _cBK _n0 |
||
| 999 |
_c1294 _d1294 |
||